| 000 | 01298nam a2200409 i 4500 | ||
|---|---|---|---|
| 001 | 31331 | ||
| 003 | KOSZ 005 | ||
| 005 | 20221201094233.0 | ||
| 008 | 980713s1997 pl a f f |000 0 pol | ||
| 015 | _aPB 1997/8108 | ||
| 020 | _a8320810639 | ||
| 040 |
_aWA N _cWA N _dKOSZ 005/HR |
||
| 046 | _k1997 | ||
| 080 | _a347.4 | ||
| 080 | _a005.2 | ||
| 080 | _a(083.1) | ||
| 100 | 1 |
_aRomanowska, Maria _d(1947- ) _eAutor |
|
| 245 | 1 | 0 |
_aAlianse strategiczne przedsiębiorstw / _cMaria Romanowska. |
| 260 |
_aWarszawa : _bPolskie Wydawnictwo Ekonomiczne, _c1997. |
||
| 300 |
_a188, [4] s. : _brys., wykr. ; _c21 cm. |
||
| 336 |
_2rdacontent _aTekst _btxt |
||
| 337 |
_2rdamedia _aBez urządzenia pośredniczącego _bn |
||
| 338 |
_2rdacarrier _aWolumin _bnc |
||
| 380 | _aKsiążki | ||
| 388 | _a1901-2000 | ||
| 388 | _a1989-2000 | ||
| 504 | _aBibliogr. s. 188-[189]. | ||
| 650 | 4 | _aOrganizacja | |
| 650 | 4 | _aPrzedsiębiorstwo | |
| 650 | 4 | _aUmowa | |
| 650 | 4 | _aZarządzanie strategiczne | |
| 655 | 4 | _aPoradnik | |
| 658 | _aZarządzanie i marketing | ||
| 710 | 2 |
_aPolskie Wydawnictwo Ekonomiczne _4pbl. |
|
| 856 |
_uhttp://koha.tu.koszalin.pl/cgi-bin/koha/opac-detail.pl?biblionumber=31331 _yKatalog online BPK |
||
| 942 |
_2UKD _cKS |
||
| 999 |
_c31331 _d31331 |
||